Wymień najpiękniejsze kraje świata - Statystyki

Ogólne statystyki
  • Ten quiz został rozwiązany 59 razy
  • Średni wynik to 3 z 10
Statystyki odpowiedzi
Hint Odpowiedź % Poprawnych
I Islandia
67%
I Indonezja
52%
G Grecja
46%
K Kanada
37%
M Malediwy
33%
C Chorwacja
26%
P Peru
24%
T Tajlandia
20%
M Malta
20%
S Sri Lanka
11%
Nie znaleziono quizów pasujących do podanych kryteriów
Rozkład punktacji
Procent ludzi z każdym wynikiem
Percentyl według liczby udzielonych odpowiedzi
Twoja historia wyników
Nie rozwiązałeś tego quizu